000 00349nam a22001217a 4500
999 _c3690
_d3690
005 20201210095024.0
008 201210b ||||| |||| 00| 0 eng d
020 _a0333439759
040 _cCML
245 _aHealthy Living, Heathy Loving.
_cHampton J.
260 _aLondon
_bMacmillan
_c1987
942 _2ddc
_cBK
_e1st Edition
_h613
_mHAM